00630cam a2200217 4500001001300000003000400013005001700017008004100034010001700075025001900092050001900111082002300130110007800153245001800231260004400249300002300293350001700316500001700333650004500350999001700395sa 68015658 DLC20260227112645.0700507s1967 ii 00000 eng  asa 68015658  aPL480:I-E-94590 aHD4966.R82bI5 a331.2/83/38952095410aIndia (Republic).bCentral Wage Board for the Rubber Plantation Industry.00aReport, 1966.0 aDelhi,bManager of Publications,c1967. aiv, 133 p.c33 cm. a6.75 ($2.43) aCover title. 0aWagesxRubber plantation workerszIndia. c86592d86592